PSG Best Lineup 21st Century - Statistics

General Stats
  • This quiz has been taken 175 times
  • The average score is 7 of 11
Answer Stats
Hint Answer % Correct
LM Mbappé
87%
CAM Neymar Jr
87%
ST Ibrahimović
85%
ST Cavani
83%
CB Silva
73%
LB Hakimi
71%
RM Messi
69%
CAM Dí Maria
58%
GK Buffon
51%
CB Ramos
40%
RB Alves
34%
No matching quizzes found
Score Distribution
Percent of People with Each Score
Percentile by Number Answered
Your Score History
You have not taken this quiz